00720nam a22001937a 4500003001100000008004100011040003900052041000800091082001600099111008300115245003100198260005200229300005200281650004500333650003500378942000700413952009100420999001500511LK-CoMWRAF240611b |||||||| |||| 00| 0 eng d aLK-CoMWRAFdLK-CoMWRAFeLK-CoMWRAF aeng a305.42bWOM aTENTH NATIONAL CONVENTION ON WOMEN'S STUDIES c( Colombo, d2-6 th April 2006) aSESSION XII:bGender roles a Colombo: bCentre for Women's Research, c2006 aVarious paging.; tables bBibliography included a WOMEN'S STUDIES- Sri Lanka- Congresses  aWomen-Professional preferences cCP 00104070aMAINbMAINd2024-06-11l0o305.42 WOMpRAF5289r2024-06-11w2024-06-11yCP c4916d4916